1605 1301 1213 1321 1313 1028 1003 1393 1413 1152 1915 1899 1267 1785 1151 1636 1860 1987 1434 1432 1890 1981 1777 1745 1525 1281 1458 1935 1906 1370 1862 1813 1943 1794 1106 1123 1687 1890 1476 1653 1532 1441 1113 1716 1094 1075 1092 1678 1688 1412 1698 1790 1639 1849 1314 1116 1435 1836 1933 1568 1639 1984 1531 1767 1133 1012 1715 1217 1482 1468 1567 1642 1142 1551 1030 1101 1762 1399 1748 1512 1345 1713 1327 1413 1996 1606 1466 1565 1727 1683 1234 1425 1871 1289 1991 1499 1326 1395 1141 BCNSPRNW ULIB Ver.6.0+V

เปลี่ยนเป็นภาษาไทย

Change to English
 แสดงรายละเอียดบรรณานุกรม
  กลับหน้าหลัก

Brief Record : Get Marc (ISO 2709) : E-mail record : QR code < ปิดหน้าต่าง
LEADER : 00000nam 2200000uu 4500
001    13399124150
003     ULIB
008    150121s2556||||th 000 0 tha d
020    ^a9786163355379
060  4 ^aWG140^bว711ก
100    ^aวิโรจน์ ไววานนิชกิจ
245    ^aการตรวจวินิจฉัยและจัดการผลการตรวจคลื่นไฟฟ้าหัวใจเบื้องต้น สำหรับพยาบาล แพทย์ และบุคลากรณ์ทางการแพทย์/^cวิโรจน์ ไววานนิชกิจ
250    ^aพิมพ์ครั้งที่ 1
260    ^aกรุงเทพฯ :^bโรงพิมพ์แห่งจุฬาลงกรณ์มหาวิทยาลัย,^c2556
300    ^a108 หน้า;^b21 ซม.
650    ^aคลื่นไฟฟ้าหัวใจ
650    ^aกล้ามเนื้อหัวใจขาดเลือด^xการแปลผล
650    ^aกล้ามเนื้อหัวใจตาย^xการแปลผล
650    ^aหัวใจเต้นผิดจังหวะ^xการแปลผล
650    ^aหัวใจโต^xการแปลผล
945    ^p340^l0^i038661
945    ^p340^l0^i038662
945    ^p340^l0^i038663
945    ^p340^l0^i038664
945    ^p340^l0^i038665
945    ^p340^l0^i038666
945    ^p340^l0^i038667
999    ^aเกษร โพธิ์สุวรรณ
รายการนี้ยังไม่มีแท็ก
คุณยังไม่ได้ล็อกอิน คุณสามารถมีกิจกรรมร่วมกับเว็บไซต์ได้ แต่ต้องล็อกอินก่อน ::
  ล็อกอิน

รายการสื่อสารสนเทศ

ลำดับที่ ประเภท เลขเรียก/บาร์โค้ด สถานที่ สถานะ
1. วิทยาศาสตร์การแพทย์ และสุขภาพ
หนังสือสำรอง
สถานะ=หนังสือสำรอง
WG140 ว711ก ฉ.1 
  Barcode: 038661
ห้องสมุดวิทยาเขตสวรรค์ประชารักษ์
►หนังสือทั่วไป
บนชั้น
2. วิทยาศาสตร์การแพทย์ และสุขภาพ
วิทยาศาสตร์การแพทย์ และสุขภาพ
WG140 ว711ก ฉ.2 
  Barcode: 038662
ห้องสมุดวิทยาเขตสวรรค์ประชารักษ์
►ส่วนจัดเก็บหนังสือเก่า สปร
บนชั้น
  ขอยืม
3. วิทยาศาสตร์การแพทย์ และสุขภาพ
วิทยาศาสตร์การแพทย์ และสุขภาพ
WG140 ว711ก ฉ.3 
  Barcode: 038663
ห้องสมุดวิทยาเขตสวรรค์ประชารักษ์
►ส่วนจัดเก็บหนังสือเก่า สปร
บนชั้น
  ขอยืม
4. วิทยาศาสตร์การแพทย์ และสุขภาพ
วิทยาศาสตร์การแพทย์ และสุขภาพ
WG140 ว711ก ฉ.4 
  Barcode: 038664
ห้องสมุดวิทยาเขตสวรรค์ประชารักษ์
►ส่วนจัดเก็บหนังสือเก่า สปร
บนชั้น
  ขอยืม
5. วิทยาศาสตร์การแพทย์ และสุขภาพ
วิทยาศาสตร์การแพทย์ และสุขภาพ
WG140 ว711ก ฉ.5 
  Barcode: 038665
ห้องสมุดวิทยาเขตสวรรค์ประชารักษ์
►ส่วนจัดเก็บหนังสือเก่า สปร
บนชั้น
  ขอยืม
6. วิทยาศาสตร์การแพทย์ และสุขภาพ
วิทยาศาสตร์การแพทย์ และสุขภาพ
WG140 ว711ก ฉ.6 
  Barcode: 038666
ห้องสมุดวิทยาเขตสวรรค์ประชารักษ์
►ส่วนจัดเก็บหนังสือเก่า สปร
บนชั้น
  ขอยืม
7. วิทยาศาสตร์การแพทย์ และสุขภาพ
วิทยาศาสตร์การแพทย์ และสุขภาพ
WG140 ว711ก ฉ.7 
  Barcode: 038667
ห้องสมุดวิทยาเขตสวรรค์ประชารักษ์
►ส่วนจัดเก็บหนังสือเก่า สปร
บนชั้น
  ขอยืม

รายการใกล้เคียง
    ผู้แต่ง [วิโรจน์ ไววานนิชกิจ]

    หัวเรื่อง [คลื่นไฟฟ้าหัวใจ]

BibComment


ยังไม่เคยถูกคอมเมนท์

คอมเมนท์ทรัพยากรรายการนี้
  คอมเมนท์: การตรวจวินิจฉัยแ..


 Copyright 2026. Bcnsprnw @Library